000 00298nam a2200109Ia 4500
008 200302s9999 xx 000 0 und d
100 _aLou Michel
245 _aLight : The Shape of Space Designing With Space and Light
260 _bVan Nostrand Reingold Co. Ltd.
260 _c1996
300 _a277 P.,
999 _c938
_d938